Nationale Identität : die neue Rechte und die Grauzone zwischen Konservatismus und Rechtsextremismus /

Saved in:
Bibliographic Details
Main Author: Venner, Michael.
Format: Book
Language:German
Published: Köln : PapyRossa, c1994.
Series:PapyRossa Hochschulschriften ; 1.
Subjects:
Tags: Add Tag
No Tags, Be the first to tag this record!
LEADER 01045nam a2200301 a 4500
001 004201331-3
005 20020606095253.2
008 941219s1994 gw b 000 0 ger
010 |a  94239631  
020 |a 3894380705 
035 0 |a ocm32470224 
040 |a DLC  |c DLC 
043 |a e-gx--- 
050 0 0 |a JN3972.A91  |b V46 1994 
100 1 |a Venner, Michael. 
245 1 0 |a Nationale Identität :  |b die neue Rechte und die Grauzone zwischen Konservatismus und Rechtsextremismus /  |c Michael Venner. 
260 |a Köln :  |b PapyRossa,  |c c1994. 
300 |a 143 p. ;  |c 21 cm. 
490 1 |a PapyRossa Hochschulschriften ;  |v 1 
504 |a Includes bibliographical references (p. 136-142). 
650 0 |a Conservatism  |z Germany. 
650 0 |a Radicalism  |z Germany. 
650 0 |a Right and left (Political science) 
650 0 |a Nationalism  |z Germany. 
776 0 8 |i Online version:  |a Venner, Michael.  |t Nationale Identität.  |d Köln : PapyRossa, ©1994  |w (OCoLC)742612748 
830 0 |a PapyRossa Hochschulschriften ;  |v 1. 
988 |a 20020608 
906 |0 DLC